000 01146nam a22003257a 4500
003 CHAP
005 20220329140147.0
008 971013s1975 r 00010 d
010 _a47864
011 _a48836
035 _a52983
040 _cCHAP
082 _a634.92
_bT6
100 0 0 _aToksvig, Lars.
_9113597
245 _aAnálisis económico del desarrollo forestal e industrias derivadas en el noroeste argentino
260 _aSalta, Argentina :
_bInventario de Desarrollo Forestal del Noroeste Argentino,
_c1975
300 _a209 p.
_b: gráfs.
490 _aDocumento de trabajo
_v; 17
590 _aBATCH-UPD
_b10
_c20130110
_lUCH01
_h2050
590 _aBATCH-UPD
_b10
_c20130410
_lUCH01
_h1403
590 _aBATCH-UPD
_b10
_c20130914
_lUCH01
_h0714
590 _aCONVERSION
_b10
_c20130109
_lUCH01
_h1326
650 1 4 _aBosques
_xAspectos económicos
_xArgentina.
_914061
650 1 4 _aIndustrias forestales
_xArgentina.
_957981
650 1 4 _aPolítica forestal
_xArgentina.
_990567
830 0 _aDocumento de trabajo
_v; 17
_933227
901 _aBK
942 _cLIBRO
949 _a634.92 T6
_bBC
_cLIBRO
_d-117745
_eLIBRO
_h35758
_i52983
_mD
_si
999 _c47864
_d47864